Louis Brauquier
Guardat en:
| Autor principal: | |
|---|---|
| Format: | Llibre |
| Idioma: | francès |
| Publicat: |
París
Pierre Seghers
1966
|
| Col·lecció: | Poetes d'aujourd'hui, 140
|
| Matèries: | |
| Etiquetes: |
Afegir etiqueta
Sense etiquetes, Sigues el primer a etiquetar aquest registre!
|
MARC
| LEADER | 00000nam a2200000 a 4500 | ||
|---|---|---|---|
| 001 | UCY4553 | ||
| 003 | CL-VaPUC | ||
| 008 | 950316e19660000FR |||||||||||||||||fre|d | ||
| 082 | 0 | 4 | |a 841.09 |b AUD |2 21 |
| 100 | 0 | |a Audisio, Gabriel |e author |9 333024 | |
| 245 | 1 | 0 | |a Louis Brauquier |
| 300 | |a 191 p | ||
| 942 | |c BK | ||
| 945 | |d 19950316 00:00:00 |a mfernand | ||
| 260 | |a París |b Pierre Seghers |c 1966 | ||
| 600 | 0 | 7 | |a BRAUQUIER, LOUIS |2 CL-VaPUC |9 333025 |
| 650 | 0 | |a Crítica e interpretación |9 255042 | |
| 583 | |a last modification |c 19950316 00:00:00 |k Rodrigo Vera | ||
| 490 | 0 | |a Poetes d'aujourd'hui, 140 | |
| 999 | |c 232375 |d 232373 | ||
| 952 | |0 0 |1 0 |4 0 |6 841_090000000000000_AUD_1966 |7 0 |8 P |9 236579 |a BIBART |b BIBART |d 2019-11-15 |i 3063054 |o 841.09 AUD 1966 |p 3063054 |r 2025-03-13 |w 2019-11-15 |y BK |k ART | ||